000 01105cam a2200349 a 4500
001 13049219
003 OSt
005 20140310182822.0
008 030106s2005 caua 001 0 eng
010 _a 2003100125
020 _a9812549951
040 _aDLC
_cDLC
_dDLC
050 0 0 _aQD 31.3
_b.W624 2005
082 0 0 _aM 540
_222
_bG28 2005
245 0 0 _aGeneral chemistry
_cWhitten, Kenneth W.
250 _a7th ed.
260 _aCanada
_bThomson Brooks/Cole
_cc2005
300 _a1 v. (various pagings)
_bill. (some col.)
_c27 cm.
_e1 CD-ROM (4 3/4 in.)
500 _aInfoTrac College ed. passcode card tipped in.
500 _aIncludes index.
521 _aHigh School to College Student
526 _c1210L to 1700L
541 _j1
541 _j2
562 _e2
650 0 _aChemistry
_vTextbooks.
700 1 _aWhitten, Kenneth W.
906 _a7
_bcbc
_corigcop
_d2
_eepcn
_f20
_gy-gencatlg
942 _2lcc
_cBK
_kM
999 _c16418
_d16418